Músicas do Forfun - Statistics

Estatísticas Gerais
  • Esse quiz foi jogado 30 vezes
    29 desde o último reset
  • A pontuação média é 24 de 70
Estatísticas das Respostas
Resposta % Correto
1 História de Verão
83%
2 História de Verão
83%
1 Alegria Compartilhada
78%
2 Cara Esperto
78%
6 Cara Esperto
78%
1 Hidropônica
78%
4 Costa Verde
72%
10 Morada
72%
12 Constelação Karina
67%
16 Constelação Karina
67%
5 Good Trip
67%
9 Seu Namorado é um Cuzão
67%
9 Minha Joia
61%
14 Sigo o Som
61%
4 Sol ou Chuva
61%
8 Largo dos Leões
50%
12 4 A.M.
44%
16 Cigarras
44%
9 Gruvi Quântico
44%
3 Mariá
44%
3 Terra do Nunca
44%
11 Terra do Nunca
44%
4 Cosmic Jesus
39%
2 O Viajante
39%
12 Pra Sempre
39%
1 Aí Sim
33%
5 Descendo o Rio
33%
6 Dia do Alívio
33%
7 Dissolver e Recompor
33%
11 Eremita Moderno
33%
5 O Melhor Bodyboarder da Minha Rua
33%
13 O Melhor Bodyboarder da Minha Rua
33%
2 Quem Vai, Vai
33%
8 Suave
33%
8 Arriba y Avante
28%
9 Coisa Pouca
28%
4 Considerações
28%
8 Minha Formatura
28%
5 Muitos Amigos
28%
3 A Garça
22%
1 Ahorita
22%
2 Alforria
22%
2 Malícia
22%
1 O Baile Não Vai Morrer
22%
5 Panorama
22%
10 VIP (Very Important Por Quê?)
22%
15 ¡Viva La Revolución!
22%
11 A Vida Me Chamou
17%
4 Garota de Floral
17%
3 Mentalmorfose
17%
7 Previsão do Tempo
17%
14 Blake Metal
11%
10 Bolo Cosmoman
11%
10 Cósmica
11%
7 El Blend
11%
12 Escala Latina
11%
10 Segundo Lugar
11%
9 Seu Namorado é um Bundão
11%
15 Sócrates e a Deusa Música
11%
3 Terra de Cego
11%
8 Valer a Pena
11%
7 Colírio
6%
3 Infinitas Possibilidades
6%
11 Noites que Virei
6%
7 O Mundo vai Girar
6%
11 Quando a Alma Transborda
6%
6 Stoked
6%
6 Tropicália Digital
6%
13 Uma Noite em Havana
6%
6 Vou em Frente
6%
Nenhum quiz correspondente encontrado
Distribuição das Pontuações
Porcentagem de Pessoas com Cada Pontuação
Percentil de Números Respondidos
Sua Pontuação Histórica
Você não jogou esse quiz desde o último reset